000 00338nam a2200133Ia 4500
008 240624s9999 xx 000 0 und d
041 _aeng
082 _a657.45 BHO
100 _aBHOTE KEKI R
245 _aCUSTOMER LOYALTY AUDIT
260 _aUK
_bCambridge Strategy Publications Ltd
300 _a139 : p. : cm. ; 29
365 _cRS
_b50
999 _c28470
_d28470